| 000 | 02002nam0a2200373 i 4500 | ||
|---|---|---|---|
| 001 | RU\NLR\BIBL_A\010027372 | ||
| 005 | 20241103102203.0 | ||
| 010 |
_a9785433201100 _9100 |
||
| 021 |
_aRU _b13-97931 |
||
| 035 | _a(NILC)RuMoRGB-006706498 | ||
| 035 | _a(NLR Aleph) 010027372 | ||
| 090 |
_a9931324 _c9931324 |
||
| 100 | _a20140203d2013 m y0rusy50 ca | ||
| 101 | 0 | _arus | |
| 102 | _aRU | ||
| 105 | _aa|||j||||01yy | ||
| 200 | 1 |
_aИнформатика. Ассемблер для процессора Intel 8086 _eучебное пособие _e[по направлениям "Информатика и вычислительная техника" и "Управление в технических системах"] _fЕ. А. Потапова _gМ-во образования и науки Российской Федерации, Томский гос. ун-т систем управления и радиоэлектроники (ТУСУР), [Фак. дистанционного обучения] |
|
| 210 |
_aТомск _cЭль Контент _d2013 |
||
| 215 |
_a161, [4] с. _cил. _d29 |
||
| 320 | _aБиблиогр. в конце кн. (6 назв.) | ||
| 320 | _aПредм. указ. в конце кн. | ||
| 517 | 1 | _aАссемблер для процессора Intel 8086 | |
| 606 |
_aASSEMBLER, язык программирования _jУчебные издания для дистанционного обучения _91110754 _3RU\NLR\AUTH\66118972 |
||
| 606 | 1 |
_aINTEL 8086, микропроцессоры _jУчебные издания для дистанционного обучения _91703935 _3RU\NLR\AUTH\66758768 |
|
| 675 | _a004.438(075.8) | ||
| 686 | 1 | _aЗ973.2-018я738-1 | |
| 686 | 1 | _aЗ973.26я738-1 | |
| 700 | 1 |
_aПотапова _bЕ. А. _gЕвгения Андреевна |
|
| 801 | 0 |
_aRU _bRuMoRKP _c20131205 _gRCR |
|
| 801 | 2 |
_aRU _bРГБ _c20131213 |
|
| 942 | _cBOOK | ||
| 980 | _aNBR | ||